[Event "European Individual Championship"]
[Site "Jerusalem ISR"]
[Date "2015.02.27"]
[EventDate "2015.02.24"]
[Round "4.29"]
[Result "0-1"]
[White "Mikhail Antipov"]
[Black "Yuri Kuzubov"]
[WhiteElo "2529"]
[BlackElo "2667"]
[PlyCount "82"]

1. e4 e5 2. Nf3 Nf6 3. d3 Nc6 4. Nbd2 Bc5 5. Be2 O-O 6. O-O d5
7. c3 a5 8. a4 Re8 9. Qc2 Ba7 10. Nb1 h6 11. Na3 Be6 12. Bd2
Qd7 13. Rfd1 Ng4 14. Be1 f5 15. Nb5 Bb6 16. c4 d4 17. c5 Ba7
18. Nxa7 Rxa7 19. exf5 Bxf5 20. Nd2 Nf6 21. Ne4 Nd5 22. Bf3
Be6 23. Rdc1 Rf8 24. Qd1 Raa8 25. g3 Rxf3 26. Qxf3 Rf8 27. Qh1
Qf7 28. Qg2 Qh5 29. h4 Bg4 30. Nd2 Ncb4 31. f3 Bxf3 32. Nxf3
Rxf3 33. Bxb4 Ne3 34. Qh3 axb4 35. Rf1 Nxf1 36. Rxf1 Kh7
37. c6 b6 38. Qg2 Re3 39. Kh2 Qg6 40. Rf8 e4 41. dxe4 d3 0-1

[Event "European Individual Championship"]
[Site "Jerusalem ISR"]
[Date "2015.03.01"]
[EventDate "2015.02.24"]
[Round "5.70"]
[Result "1-0"]
[White "Johnatan Bakalchuk"]
[Black "Mikhail Antipov"]
[WhiteElo "2272"]
[BlackElo "2529"]
[PlyCount "85"]

1. e4 c5 2. Nf3 d6 3. d4 cxd4 4. Nxd4 Nf6 5. Nc3 a6 6. Be2 e5
7. Nb3 Be7 8. Bg5 Nbd7 9. a4 b6 10. Bc4 Bb7 11. Qe2 O-O
12. O-O Qc7 13. Rfd1 Rfc8 14. Nd2 h6 15. Bxf6 Nxf6 16. Bb3 Qc5
17. Qc4 Qxc4 18. Nxc4 Rc6 19. Nd5 Nxd5 20. exd5 Rc5 21. Nxb6
Ra7 22. a5 Bd8 23. Bc4 Bxb6 24. axb6 Ra8 25. Ra4 Rb8 26. b3
Bc8 27. b7 Rxb7 28. Rxa6 Bf5 29. Rxd6 Bxc2 30. Rc1 Bf5 31. Ra1
Bd7 32. Ra8+ Kh7 33. f3 Rcc7 34. Ra5 Bf5 35. Rc6 Rd7 36. d6
Bc2 37. Rb5 Ra7 38. Rxe5 Rdb7 39. Re3 Ra3 40. Rc7 Rb6 41. d7
Rd6 42. Re8 Ra1+ 43. Kf2 1-0

[Event "European Individual Championship"]
[Site "Jerusalem ISR"]
[Date "2015.03.02"]
[EventDate "2015.02.24"]
[Round "6.79"]
[Result "1-0"]
[White "Mikhail Antipov"]
[Black "Arkadij Slonimskij"]
[WhiteElo "2529"]
[BlackElo "2176"]
[PlyCount "57"]

1. e4 e5 2. Nf3 Nc6 3. Bb5 a6 4. Ba4 Nf6 5. O-O Be7 6. Re1 b5
7. Bb3 d6 8. c3 O-O 9. h3 Na5 10. Bc2 c5 11. d4 exd4 12. cxd4
d5 13. e5 Ne4 14. Nc3 Nxc3 15. bxc3 c4 16. Bd2 Nc6 17. Qb1 g6
18. Bh6 Re8 19. e6 f5 20. Bxf5 gxf5 21. Qxf5 Bf8 22. Qf7+ Kh8
23. Ng5 Ra7 24. Qh5 Kg8 25. Qf7+ Kh8 26. Qf4 Kg8 27. Nf7 Bxh6
28. Qxh6 Qc7 29. Qf6 1-0

[Event "European Individual Championship"]
[Site "Jerusalem ISR"]
[Date "2015.03.05"]
[EventDate "2015.02.24"]
[Round "9.56"]
[Result "1/2-1/2"]
[White "Rui Damaso"]
[Black "Mikhail Antipov"]
[WhiteElo "2451"]
[BlackElo "2529"]
[PlyCount "47"]

1. Nf3 Nf6 2. g3 d5 3. Bg2 c6 4. O-O g6 5. b3 Bg7 6. Bb2 O-O
7. d3 a5 8. c4 a4 9. Nbd2 Na6 10. cxd5 cxd5 11. bxa4 Qa5
12. Bd4 Nb4 13. Nb3 Qxa4 14. Qd2 Nc6 15. Bb2 b6 16. Nfd4 Bd7
17. Nxc6 Qxc6 18. e4 Ne8 19. exd5 Qd6 20. Nd4 Nc7 21. Nc6 Bxb2
22. Qxb2 Nxd5 23. Ne5 Be6 24. Rfe1 1/2-1/2

[Event "European Individual Championship"]
[Site "Jerusalem ISR"]
[Date "2015.03.06"]
[EventDate "2015.02.24"]
[Round "10.58"]
[Result "0-1"]
[White "Mikhail Antipov"]
[Black "Luka Draskovic"]
[WhiteElo "2529"]
[BlackElo "2432"]
[PlyCount "100"]

1. e4 d6 2. d4 e5 3. Nf3 exd4 4. Nxd4 Nf6 5. Nc3 Be7 6. g3 Bg4
7. f3 Bd7 8. Bg2 Nc6 9. O-O O-O 10. Kh1 Re8 11. b3 Bf8 12. Bb2
g6 13. Nce2 Bg7 14. c4 a6 15. Rc1 Ne5 16. Qd2 b5 17. c5 dxc5
18. Rxc5 Bf8 19. Rfc1 Bd6 20. Kg1 Nc4 21. bxc4 Bxc5 22. cxb5
Bb6 23. Kh1 axb5 24. a3 Qe7 25. Nc6 Bxc6 26. Rxc6 Rad8 27. Qc1
Rd6 28. h4 Nh5 29. Kh2 f6 30. g4 Ng7 31. Nf4 Qd7 32. Rxd6 Qxd6
33. Kh3 c6 34. Ne2 Bc7 35. f4 Ne6 36. e5 fxe5 37. Qxc6 Qxc6
38. Bxc6 Rd8 39. Bxe5 Bxe5 40. fxe5 Rd3+ 41. Kg2 Nc7 42. h5
Rxa3 43. hxg6 hxg6 44. Nf4 g5 45. Nh3 b4 46. Nxg5 b3 47. Nf3
Ra2+ 48. Kg3 Re2 49. Bd7 b2 50. Bf5 Nb5 0-1

[Event "European Individual Championship"]
[Site "Jerusalem ISR"]
[Date "2015.03.04"]
[EventDate "2015.02.24"]
[Round "8.65"]
[Result "1-0"]
[White "Mikhail Antipov"]
[Black "Ruslan Soltanici"]
[WhiteElo "2529"]
[BlackElo "2350"]
[PlyCount "131"]

1. e4 e5 2. Nf3 Nc6 3. Bb5 a6 4. Ba4 Nf6 5. d3 b5 6. Bb3 Be7
7. Nc3 d6 8. a4 b4 9. Nd5 Rb8 10. Nxe7 Qxe7 11. a5 O-O 12. Bg5
h6 13. Bh4 Be6 14. Nd2 Bxb3 15. Nxb3 Qe6 16. O-O Nd7 17. f3
Nc5 18. Nxc5 dxc5 19. b3 Rb5 20. Bf2 Qd6 21. Be3 Re8 22. f4
exf4 23. Bxf4 Qd7 24. Qd2 Re6 25. Be3 Nd4 26. Rf4 Rg6 27. Qf2
Rb8 28. Rf1 Rf8 29. Bxd4 cxd4 30. Rf5 Rd6 31. Qd2 Qc6 32. R1f2
Qc3 33. Qf4 Rd7 34. h4 Qc6 35. h5 Qd6 36. Qg4 Qe6 37. Qg3 Re8
38. Rc5 c6 39. Rff5 Qd6 40. Qf2 Rb8 41. Qf4 Qxf4 42. Rxf4 Rb5
43. Rff5 Rc7 44. Kf2 Kf8 45. Ke2 Ke7 46. Rfe5+ Kd7 47. Rxb5
axb5 48. Rf5 Kd6 49. Rf1 Ra7 50. Ra1 Ra6 51. Kf3 Ke5 52. Kg4
g5 53. hxg6 fxg6 54. Ra2 Kf6 55. Kf4 Ke6 56. g3 Kf6 57. Kg4
Ke6 58. Ra1 c5 59. Ra2 Kf6 60. Kh4 Ke6 61. Ra1 Kf6 62. g4 Ke5
63. g5 h5 64. Kg3 Kd6 65. Rf1 Rxa5 66. Rf6+ 1-0

[Event "Aeroflot Open"]
[Site "Moscow RUS"]
[Date "2015.03.27"]
[EventDate "2015.03.27"]
[Round "1.19"]
[Result "1-0"]
[White "Mikhail Kobalia"]
[Black "Mikhail Antipov"]
[WhiteElo "2632"]
[BlackElo "2529"]
[PlyCount "113"]

1. e4 c5 2. Nf3 d6 3. Bb5+ Bd7 4. Bxd7+ Qxd7 5. O-O Nc6 6. c3
Nf6 7. Re1 e6 8. d4 cxd4 9. cxd4 d5 10. e5 Ne4 11. Nbd2 Nxd2
12. Bxd2 Be7 13. Rc1 O-O 14. Rc3 Rac8 15. a3 Rc7 16. Rd3 Rfc8
17. Ng5 Bxg5 18. Bxg5 Ne7 19. Qh5 Ng6 20. Qd1 Qb5 21. Rb3 Qa4
22. Rd3 Qa6 23. Rg3 h6 24. Bd2 Rc4 25. Qg4 Qb6 26. Bc3 Qd8
27. Qd1 Ne7 28. Qd2 Nf5 29. Rd3 Qh4 30. h3 b5 31. Rf1 Qh5
32. g4 Qg6 33. Kh2 Ne7 34. Rg3 a5 35. b3 R4c7 36. Bxa5 Rc2
37. Qd3 Qg5 38. Bb4 Ng6 39. Bc5 Ra2 40. Qe3 Qh4 41. Rg2 h5
42. f3 Rxg2+ 43. Kxg2 f5 44. exf6 e5 45. f4 exf4 46. Qf3 Qg5
47. Kh1 h4 48. a4 bxa4 49. bxa4 Re8 50. f7+ Kxf7 51. a5 Kg8
52. a6 Re3 53. Qg2 f3 54. Qf2 Re2 55. Qxf3 Ra2 56. a7 Kh7
57. Qf5 1-0

[Event "Aeroflot Open"]
[Site "Moscow RUS"]
[Date "2015.03.28"]
[EventDate "2015.03.27"]
[Round "2.26"]
[Result "1-0"]
[White "Mikhail Antipov"]
[Black "Maxim Matlakov"]
[WhiteElo "2529"]
[BlackElo "2693"]
[PlyCount "81"]

1. e4 c5 2. Nf3 e6 3. b3 a6 4. Bb2 Nc6 5. c4 Qc7 6. Nc3 Nf6
7. g3 Rb8 8. a4 Be7 9. Bg2 Nd4 10. O-O d6 11. Nxd4 cxd4
12. Na2 e5 13. Nb4 O-O 14. f4 Bg4 15. Qc2 a5 16. Nd3 b5
17. axb5 Rxb5 18. Ba3 exf4 19. e5 Rxe5 20. Nxe5 dxe5 21. Bxe7
Qxe7 22. Rxa5 Be2 23. Rf2 d3 24. Qb2 fxg3 25. hxg3 e4 26. Re5
Qa7 27. Rg5 e3 28. dxe3 Kh8 29. Rxg7 Kxg7 30. Qxf6+ Kg8
31. Qg5+ Kh8 32. Qf6+ Kg8 33. Qg5+ Kh8 34. Qe5+ Kg8 35. Be4 f6
36. Qd5+ Qf7 37. Rxf6 Qxd5 38. Bxd5+ Kg7 39. Rxf8 d2 40. Rf1
Bxf1 41. Bf3 1-0

[Event "Aeroflot Open"]
[Site "Moscow RUS"]
[Date "2015.03.29"]
[EventDate "2015.03.27"]
[Round "3.23"]
[Result "1/2-1/2"]
[White "Alexey Goganov"]
[Black "Mikhail Antipov"]
[WhiteElo "2598"]
[BlackElo "2529"]
[PlyCount "165"]

1. Nf3 Nf6 2. g3 d5 3. Bg2 c6 4. O-O g6 5. b3 Bg7 6. Bb2 O-O
7. c4 Bg4 8. d4 Qc8 9. Ba3 Re8 10. Nc3 Bh3 11. Rc1 Bxg2
12. Kxg2 Qd8 13. Qd3 Qa5 14. Bb2 Nbd7 15. cxd5 Nxd5 16. e4
Nxc3 17. Bxc3 Qh5 18. h3 f5 19. d5 fxe4 20. Qxe4 Qxd5
21. Qxd5+ cxd5 22. Bxg7 Kxg7 23. Rc7 Nf6 24. Rxb7 Ne4 25. Rc1
Nd6 26. Rd7 Kf6 27. Re1 Rac8 28. Nd4 Nf5 29. Rxd5 e6 30. Rd7
Nxd4 31. Rxd4 Rc2 32. Ra4 Re7 33. Ree4 e5 34. Rec4 Rb2 35. Kf3
Rd7 36. Ra6+ Kg5 37. h4+ Kh6 38. Ke3 Rf7 39. f4 exf4+ 40. Rxf4
Re7+ 41. Kd3 Rg2 42. g4 Rh2 43. h5 Rh3+ 44. Kc4 Rg3 45. Rd4
Rg7 46. Kb4 Kg5 47. Ra5+ Kh4 48. h6 Rf7 49. g5+ Kh5 50. Rd2
Rgf3 51. Rb5 R3f4+ 52. Ka5 R4f5 53. Rg2 Rb7 54. a4 Rfxb5+
55. axb5 Kh4 56. b4 Kh5 57. Rg1 Kh4 58. Rg2 Kh5 59. Rh2+ Kxg5
60. Rh1 Rb8 61. Rc1 Rb7 62. Ka6 Rf7 63. Rh1 Rf4 64. Kxa7 Rxb4
65. b6 Rb2 66. Kb7 Rb3 67. Kc6 Rc3+ 68. Kb5 Rb3+ 69. Kc5 Rb2
70. Rg1+ Kh5 71. Rh1+ Kg5 72. Kc6 Rc2+ 73. Kd7 Rb2 74. Kc7
Rc2+ 75. Kb8 Rb2 76. b7 Rb3 77. Rc1 Kxh6 78. Kc7 Kg5 79. Rc6
Rxb7+ 80. Kxb7 h5 81. Rc8 h4 82. Kc6 Kf4 83. Kd5 1/2-1/2

[Event "Aeroflot Open"]
[Site "Moscow RUS"]
[Date "2015.03.30"]
[EventDate "2015.03.27"]
[Round "4.21"]
[Result "0-1"]
[White "Mikhail Antipov"]
[Black "Vladimir Potkin"]
[WhiteElo "2529"]
[BlackElo "2605"]
[PlyCount "88"]

1. e4 c5 2. Nf3 e6 3. b3 b6 4. Bb2 Bb7 5. Qe2 Nc6 6. Nc3 a6
7. O-O-O b5 8. Kb1 Rc8 9. Qe3 Nf6 10. e5 Ng4 11. Qe1 Qc7
12. h3 Ngxe5 13. Nxe5 Qxe5 14. Qxe5 Nxe5 15. Nxb5 axb5
16. Bxe5 f6 17. Bc3 c4 18. b4 Be7 19. Kb2 Kf7 20. Rg1 d5
21. d4 Bd6 22. g3 g5 23. Bg2 h5 24. Bd2 Rcg8 25. c3 f5 26. Bh1
Bc6 27. Rdf1 h4 28. g4 f4 29. Re1 Re8 30. Re2 e5 31. dxe5 Rxe5
32. Rge1 Kf6 33. a3 Rd8 34. Bc1 Rxe2+ 35. Rxe2 Be5 36. Kc2
Bxc3 37. Bxd5 Rxd5 38. Kxc3 Rd3+ 39. Kc2 Rxh3 40. Bb2+ Kf7
41. Re5 Rf3 42. Bd4 h3 43. Rf5+ Ke8 44. Rxg5 Rd3 0-1

[Event "Aeroflot Open"]
[Site "Moscow RUS"]
[Date "2015.03.31"]
[EventDate "2015.03.27"]
[Round "5.30"]
[Result "1/2-1/2"]
[White "Baris Esen"]
[Black "Mikhail Antipov"]
[WhiteElo "2571"]
[BlackElo "2529"]
[PlyCount "52"]

1. d4 Nf6 2. c4 e6 3. Nc3 Bb4 4. Qc2 O-O 5. a3 Bxc3+ 6. Qxc3
d6 7. Nf3 Nbd7 8. g3 b6 9. Bg2 Bb7 10. O-O Qe7 11. b4 c5
12. Bb2 Rac8 13. Rfd1 Rfd8 14. Rac1 cxd4 15. Qxd4 Nf8 16. Bh3
h6 17. Qd3 Ba8 18. Qb3 N8h7 19. Bf1 Ng5 20. Bxf6 Qxf6 21. Bg2
Nxf3+ 22. Bxf3 Bxf3 23. exf3 d5 24. Kg2 d4 25. c5 e5 26. Qa4
bxc5 1/2-1/2

[Event "Aeroflot Open"]
[Site "Moscow RUS"]
[Date "2015.04.01"]
[EventDate "2015.03.27"]
[Round "6.28"]
[Result "1-0"]
[White "Mikhail Antipov"]
[Black "Ekaterina Kovalevskaya"]
[WhiteElo "2529"]
[BlackElo "2438"]
[PlyCount "109"]

1. e4 e5 2. Nf3 Nc6 3. Bb5 a6 4. Ba4 Nf6 5. O-O Be7 6. d3 d6
7. c3 Bg4 8. Nbd2 Nd7 9. Bxc6 bxc6 10. d4 c5 11. h3 Bxf3
12. Nxf3 exd4 13. cxd4 O-O 14. Be3 cxd4 15. Nxd4 Bf6 16. Qc2
Re8 17. Rfd1 Qb8 18. Rac1 Nc5 19. f3 Qb7 20. b3 a5 21. Ne2 Na6
22. Qd2 Nb4 23. Nf4 Bg5 24. a3 Bxf4 25. Bxf4 Na6 26. Rc3 Nc5
27. Be3 Ne6 28. Qc2 h6 29. Rd5 Re7 30. Qd2 Nf8 31. a4 Re5
32. Rxe5 dxe5 33. Qd5 Qa6 34. Rc6 Qe2 35. Bc5 Re8 36. Bxf8
Rxf8 37. Rxc7 Qe3+ 38. Kh1 Qg5 39. Rc5 Re8 40. Qd7 Rd8 41. Rc8
Rxc8 42. Qxc8+ Kh7 43. Qf5+ Qxf5 44. exf5 g6 45. fxg6+ Kxg6
46. Kg1 h5 47. Kf2 h4 48. Ke2 f5 49. Kd1 e4 50. Ke2 Kf6
51. fxe4 fxe4 52. Kf2 Ke5 53. g3 hxg3+ 54. Kxg3 Kd4 55. Kf2
1-0

[Event "Aeroflot Open"]
[Site "Moscow RUS"]
[Date "2015.04.02"]
[EventDate "2015.03.27"]
[Round "7.20"]
[Result "1/2-1/2"]
[White "Pavel Ponkratov"]
[Black "Mikhail Antipov"]
[WhiteElo "2613"]
[BlackElo "2529"]
[PlyCount "101"]

1. d4 Nf6 2. c4 e6 3. Nf3 Bb4+ 4. Bd2 Qe7 5. Qc2 Bxd2+
6. Nbxd2 Nc6 7. g3 d6 8. Bg2 e5 9. d5 Nb8 10. e4 O-O 11. O-O
a5 12. Qc3 Nbd7 13. b3 c6 14. a3 Nc5 15. Rfe1 Bd7 16. Bf1 Bg4
17. Nh4 g5 18. Ng2 Bd7 19. b4 axb4 20. axb4 Na4 21. Qe3 Ng4
22. Qa3 cxd5 23. f3 Nh6 24. cxd5 f5 25. Qe3 Qg7 26. Rac1 Rac8
27. Rxc8 Rxc8 28. Nc4 Qf6 29. Ra1 b5 30. Nb6 Nxb6 31. Qxb6
fxe4 32. fxe4 Rf8 33. Be2 Qg6 34. Rf1 Rxf1+ 35. Bxf1 Nf7
36. Bd3 Qh5 37. Bxb5 Bxb5 38. Qxb5 Qd1+ 39. Kf2 g4 40. Qe2
Qd4+ 41. Ne3 h5 42. Qc2 Qxb4 43. Nf5 Kh7 44. Ke3 Kg6 45. Qc8
Qe1+ 46. Kd3 Qd1+ 47. Kc3 Qe1+ 48. Kb3 Qb1+ 49. Ka3 Qd3+
50. Kb2 Qd2+ 51. Ka3 1/2-1/2

[Event "Aeroflot Open"]
[Site "Moscow RUS"]
[Date "2015.04.03"]
[EventDate "2015.03.27"]
[Round "8.22"]
[Result "1-0"]
[White "Mikhail Antipov"]
[Black "Aleksandr Shimanov"]
[WhiteElo "2529"]
[BlackElo "2594"]
[PlyCount "81"]

1. e4 d6 2. d4 Nf6 3. Nc3 e5 4. Nf3 Nbd7 5. Bc4 Be7 6. O-O O-O
7. Re1 c6 8. a4 a5 9. h3 Nb6 10. Bb3 Nfd7 11. Be3 exd4
12. Qxd4 Nc5 13. Rad1 Be6 14. Bxe6 fxe6 15. e5 d5 16. Qg4 Qe8
17. Nd4 Qf7 18. f4 h5 19. Qe2 Nbxa4 20. Nxa4 Nxa4 21. c4 dxc4
22. Rf1 c5 23. Nb5 Rfd8 24. Rxd8+ Rxd8 25. Qxc4 Nxb2 26. Qa2
Nd3 27. Qxa5 Qe8 28. f5 exf5 29. Rxf5 Qc6 30. Nd6 Qd5 31. Qc7
Qe6 32. Bg5 Qd7 33. Qb6 Nxe5 34. Bxe7 Qxe7 35. Rxe5 Qf6
36. Qb3+ Kh7 37. Rxh5+ Kg6 38. Qd3+ Kxh5 39. Qh7+ Qh6 40. g4+
Kh4 41. Nf5+ 1-0

[Event "Aeroflot Open"]
[Site "Moscow RUS"]
[Date "2015.04.04"]
[EventDate "2015.03.27"]
[Round "9.12"]
[Result "1-0"]
[White "Vladimir Fedoseev"]
[Black "Mikhail Antipov"]
[WhiteElo "2674"]
[BlackElo "2529"]
[PlyCount "57"]

1. e4 c5 2. Nf3 d6 3. c3 Nf6 4. Bd3 g6 5. Bc2 Bg7 6. O-O O-O
7. h3 Nc6 8. Re1 e5 9. d3 b6 10. Na3 Bb7 11. Nc4 Nh5 12. Bb3
Kh8 13. a4 Qd7 14. Nh4 Ne7 15. a5 b5 16. a6 Bc6 17. Na5 Rad8
18. Nxc6 Qxc6 19. Bg5 Bf6 20. Qxh5 gxh5 21. Bxf6+ Kg8 22. Bxe7
c4 23. Nf5 Qc7 24. Re3 h4 25. dxc4 bxc4 26. Bf6 Rfe8 27. Ba4
Re6 28. Bxd8 Qxd8 29. Bb5 1-0

[Event "World Rapid Championship"]
[Site "Berlin GER"]
[Date "2015.10.10"]
[EventDate "2015.10.10"]
[Round "3.67"]
[Result "1-0"]
[White "Mikhail Antipov"]
[Black "Andrei Gutov"]
[WhiteElo "2569"]
[BlackElo "2384"]
[PlyCount "52"]

1. e4 e5 2. Nf3 Nc6 3. Bc4 Bc5 4. O-O Nf6 5. d3 O-O 6. h3 Re8
7. Re1 Na5 8. Nc3 a6 9. Bg5 b5 10. Bb3 h6 11. Bh4 Nxb3
12. axb3 Bb7 13. Nxe5 Rxe5 14. d4 Bxd4 15. Qxd4 d6 16. f4 Rh5
17. Bxf6 Qxf6 18. Qxf6 gxf6 19. b4 Re8 20. Kh2 f5 21. Rad1 Kf8
22. g3 a5 23. Nd5 Kg7 24. e5 dxe5 25. bxa5 Rd8 26. Rxe5 Ra8
1-0

[Event "World Rapid Championship"]
[Site "Berlin GER"]
[Date "2015.10.10"]
[EventDate "2015.10.10"]
[Round "4.56"]
[Result "1-0"]
[White "Daniel Hausrath"]
[Black "Mikhail Antipov"]
[WhiteElo "2503"]
[BlackElo "2569"]
[PlyCount "113"]

1. Nf3 Nf6 2. g3 d5 3. Bg2 c6 4. c4 g6 5. b3 Bg7 6. Bb2 O-O
7. O-O a5 8. d3 Bg4 9. Nbd2 Nbd7 10. Qc2 Re8 11. h3 Bxf3
12. Bxf3 e6 13. a3 h5 14. h4 e5 15. cxd5 cxd5 16. Rac1 Qe7
17. e3 Ra6 18. Qc7 Rb8 19. Be2 Ne8 20. Qc2 Rc6 21. Qb1 Nd6
22. Bf3 Qe6 23. Rxc6 bxc6 24. Qc2 c5 25. e4 dxe4 26. dxe4 Bh6
27. Be2 Bxd2 28. Qxd2 Rxb3 29. Rd1 Nxe4 30. Qc2 Ndf6 31. Rd8+
Kg7 32. Bxe5 Qf5 33. Bd3 c4 34. Bxc4 Rxa3 35. Qb2 Ra4 36. Bd3
Rb4 37. Bxe4 Rxe4 38. Bxf6+ Qxf6 39. Rg8+ Kxg8 40. Qxf6 a4
41. Qc6 Re6 42. Qxa4 Kg7 43. Qd4+ Kg8 44. Kg2 Re8 45. f4 Re2+
46. Kf3 Re1 47. Kf2 Re6 48. f5 gxf5 49. Qd8+ Kh7 50. Qg5 Rh6
51. Kf3 Rg6 52. Qxf5 Kh6 53. Qf4+ Kg7 54. Qe5+ Kg8 55. Qxh5
Kg7 56. Qe5+ Kg8 57. h5 1-0

[Event "World Rapid Championship"]
[Site "Berlin GER"]
[Date "2015.10.10"]
[EventDate "2015.10.10"]
[Round "5.65"]
[Result "1-0"]
[White "Mikhail Antipov"]
[Black "Tomas Krnan"]
[WhiteElo "2569"]
[BlackElo "2440"]
[PlyCount "58"]

1. e4 e5 2. Nf3 Nc6 3. Bc4 Bc5 4. O-O Nf6 5. d3 O-O 6. h3 d6
7. c3 a6 8. Bb3 h6 9. Nbd2 Ba7 10. Re1 Be6 11. Bc2 Re8 12. Nf1
d5 13. Qe2 d4 14. Ng3 Qd7 15. Nh4 b5 16. Nhf5 Ne7 17. Qf3 Nxf5
18. Nxf5 Bxf5 19. exf5 dxc3 20. bxc3 Nd5 21. Re4 Qd6 22. Bb3
Rad8 23. Qh5 Qf6 24. Rg4 Ne7 25. Bxh6 Bxf2+ 26. Kh2 Qxf5
27. Rxg7+ Kh8 28. Rg5 Qh7 29. Bg7+ Kg8 1-0

[Event "World Rapid Championship"]
[Site "Berlin GER"]
[Date "2015.10.11"]
[EventDate "2015.10.10"]
[Round "6.54"]
[Result "0-1"]
[White "Mohamad Naser Al Sayed"]
[Black "Mikhail Antipov"]
[WhiteElo "2520"]
[BlackElo "2569"]
[PlyCount "108"]

1. e4 c5 2. c3 Nf6 3. e5 Nd5 4. Nf3 d6 5. d4 cxd4 6. cxd4 Nc6
7. Bc4 dxe5 8. dxe5 Ndb4 9. Qxd8+ Nxd8 10. Na3 a6 11. O-O e6
12. Bb3 b5 13. Nc2 Nd3 14. Ncd4 Bc5 15. Be3 Bb7 16. Bc2 Bxd4
17. Bxd4 Bxf3 18. Bxd3 Nc6 19. Bc3 b4 20. gxf3 bxc3 21. Be4
Rc8 22. Bxc6+ Rxc6 23. bxc3 Ke7 24. Rab1 Rhc8 25. Rb7+ Kf8
26. Rd1 Rxc3 27. Kg2 R3c4 28. Kg3 g5 29. Rd6 a5 30. Rdd7 Rf4
31. h4 Rc3 32. hxg5 Rcxf3+ 33. Kg2 Rxf2+ 34. Kg3 R4f3+ 35. Kg4
Rf5 36. Rb8+ Kg7 37. Rdd8 R5f4+ 38. Kg3 Kg6 39. Rg8+ Kh5
40. Rb3 Rf1 41. Rg7 Rg4+ 42. Kh2 Rf2+ 43. Kh3 Rxg5 44. Rxh7+
Kg6 45. Rh8 Kf5 46. a4 Kxe5 47. Rb5+ Kf6 48. Rh6+ Rg6
49. Rxg6+ Kxg6 50. Rxa5 Ra2 51. Kg4 f5+ 52. Kf4 Kf6 53. Ra6
Ra1 54. a5 Ra3 0-1

[Event "World Rapid Championship"]
[Site "Berlin GER"]
[Date "2015.10.11"]
[EventDate "2015.10.10"]
[Round "7.33"]
[Result "1/2-1/2"]
[White "Mikhail Antipov"]
[Black "Markus Ragger"]
[WhiteElo "2569"]
[BlackElo "2698"]
[PlyCount "131"]

1. e4 e5 2. Nf3 Nc6 3. Bc4 Nf6 4. d3 Bc5 5. O-O O-O 6. Nbd2 d6
7. c3 Ne7 8. Re1 Bb6 9. Bb3 c6 10. d4 Ng6 11. h3 exd4 12. cxd4
d5 13. e5 Nh5 14. Nf1 f6 15. Bc2 Nhf4 16. Ng3 fxe5 17. Nxe5
Qf6 18. Be3 Nh4 19. Nh5 Nxh5 20. Qxh5 g6 21. Qh6 Nf5 22. Bxf5
Bxf5 23. g4 Be6 24. Re2 Rae8 25. Rae1 Ba5 26. Rf1 Bc8 27. Bg5
Qg7 28. Qh4 Bb6 29. Bh6 Qf6 30. Qg3 Bxd4 31. Bxf8 Bxe5 32. Bh6
Re6 33. Qd3 Bxb2 34. Rfe1 Bd4 35. Rxe6 Bxe6 36. Be3 Bc3
37. Bd2 Bd4 38. Be3 Bc3 39. Bd2 Bd4 40. Qg3 Kg7 41. Be3 Bc3
42. Bg5 Qxg5 43. Qxc3+ Qf6 44. Qe3 Bf7 45. g5 Qf5 46. Qd4+ Kg8
47. h4 c5 48. Qxc5 Qg4+ 49. Kf1 Qh3+ 50. Ke2 Qxh4 51. Qe3 Qg4+
52. Kd2 Qb4+ 53. Kc1 d4 54. Qe5 Qc4+ 55. Kd1 Qd3+ 56. Kc1 Qc3+
57. Kb1 Qb4+ 58. Kc1 h5 59. gxh6 Qc4+ 60. Kd1 Qd3+ 61. Kc1
Qa3+ 62. Kc2 Qc3+ 63. Kd1 Qd3+ 64. Kc1 Qc4+ 65. Kd2 Qc3+
66. Kd1 1/2-1/2

[Event "World Rapid Championship"]
[Site "Berlin GER"]
[Date "2015.10.11"]
[EventDate "2015.10.10"]
[Round "8.36"]
[Result "1-0"]
[White "Mikhail Antipov"]
[Black "Evgeny Alekseev"]
[WhiteElo "2569"]
[BlackElo "2642"]
[PlyCount "89"]

1. e4 e5 2. Nf3 Nc6 3. Bc4 Bc5 4. O-O Nf6 5. d3 d6 6. c3 Bb6
7. Bb3 Ne7 8. Nbd2 O-O 9. Nc4 Ng6 10. h3 h6 11. a4 c6 12. Nxb6
Qxb6 13. Be3 Qc7 14. a5 d5 15. exd5 Nxd5 16. Bc5 Re8 17. Re1
Bf5 18. Bc2 b6 19. axb6 axb6 20. Rxa8 Rxa8 21. Be3 c5 22. Nd2
Rd8 23. Qh5 Qd7 24. Nc4 b5 25. Nd6 Bxd3 26. Bxd3 Qxd6 27. Bxb5
Nxe3 28. Rxe3 Qd5 29. Rd3 Qa8 30. Rxd8+ Qxd8 31. Bc4 Kf8
32. Qf5 Qc7 33. g3 Ke8 34. h4 Nf8 35. Bd5 f6 36. b4 cxb4
37. cxb4 Ke7 38. b5 Qc5 39. Bc6 Ne6 40. Qg6 Kd6 41. Qf7 Qc1+
42. Kg2 Qc4 43. Qd7+ Kc5 44. Qe7+ Kb6 45. Qd6 1-0

[Event "World Rapid Championship"]
[Site "Berlin GER"]
[Date "2015.10.11"]
[EventDate "2015.10.10"]
[Round "10.38"]
[Result "1/2-1/2"]
[White "Mikhail Antipov"]
[Black "Alexander Moiseenko"]
[WhiteElo "2569"]
[BlackElo "2692"]
[PlyCount "166"]

1. e4 c5 2. Nf3 Nc6 3. Bb5 d6 4. O-O Bd7 5. Re1 Nf6 6. c3 a6
7. Bf1 Bg4 8. d4 cxd4 9. cxd4 d5 10. exd5 Nxd5 11. Nc3 e6
12. h3 Bxf3 13. Qxf3 Be7 14. Nxd5 Qxd5 15. Qxd5 exd5 16. Be3
O-O 17. Be2 Bf6 18. Red1 Rfd8 19. Rac1 h6 20. Bf3 Rac8 21. Bg4
Rc7 22. g3 Bg5 23. f4 Bf6 24. Bf2 g6 25. Kg2 Be7 26. a3 f5
27. Be2 Kf7 28. Rc3 Bf6 29. Rd2 Rdc8 30. Rc5 Ke6 31. g4 Ne7
32. Rdc2 Kd6 33. Be3 Rxc5 34. dxc5+ Kc7 35. Rd2 Rd8 36. b4 Bc3
37. Rd3 d4 38. Kf3 Nc6 39. Bf2 Re8 40. gxf5 gxf5 41. Rd1 Bb2
42. Rd3 Bc1 43. Bd1 Re4 44. Bg3 Ne7 45. Kg2 Bb2 46. Bf3 Re6
47. Bf2 Ng6 48. Kg3 Bc1 49. Rxd4 Nxf4 50. Kh2 Ng6 51. Bh5 Bf4+
52. Kg1 Be5 53. Rd1 Nf4 54. Bf7 Re7 55. Bc4 Nxh3+ 56. Kg2 Nxf2
57. Kxf2 h5 58. Rh1 Rh7 59. Be6 h4 60. Rh3 Bg3+ 61. Kf3 f4
62. Rh1 Re7 63. Bg4 Re3+ 64. Kg2 Rxa3 65. Rd1 Ra2+ 66. Kf3 Rb2
67. Rd7+ Kb8 68. Rd8+ Ka7 69. Rd7 Rb3+ 70. Kg2 Rb2+ 71. Kf3
Rb3+ 72. Kg2 Rxb4 73. c6 Rb2+ 74. Kf3 Rb3+ 75. Kg2 f3+
76. Bxf3 Be5 77. c7 h3+ 78. Kf2 Rb2+ 79. Ke3 Rb3+ 80. Kf2 Rb2+
81. Ke3 Rb3+ 82. Ke2 Rb2+ 83. Ke3 Rb3+ 1/2-1/2

[Event "World Rapid Championship"]
[Site "Berlin GER"]
[Date "2015.10.12"]
[EventDate "2015.10.10"]
[Round "12.32"]
[Result "1/2-1/2"]
[White "Nikita Vitiugov"]
[Black "Mikhail Antipov"]
[WhiteElo "2725"]
[BlackElo "2569"]
[PlyCount "53"]

1. d4 Nf6 2. c4 e6 3. Nf3 c5 4. g3 cxd4 5. Nxd4 Nc6 6. Bg2 Bc5
7. Nb3 Be7 8. Nc3 O-O 9. Bf4 d6 10. O-O e5 11. Bg5 Be6
12. Bxf6 Bxf6 13. Nd5 Rc8 14. Rc1 Bg5 15. e3 b6 16. f4 Bh6
17. g4 g6 18. g5 Bg7 19. Qd2 exf4 20. exf4 Ne7 21. Ne3 Qc7
22. Nd4 Qc5 23. Nb3 Qc7 24. Nd4 Qc5 25. Nb3 Qc7 26. Nd4 Qc5
27. Nb3 1/2-1/2

[Event "World Rapid Championship"]
[Site "Berlin GER"]
[Date "2015.10.12"]
[EventDate "2015.10.10"]
[Round "14.47"]
[Result "1-0"]
[White "Mikhail Antipov"]
[Black "Vitaly Kunin"]
[WhiteElo "2569"]
[BlackElo "2556"]
[PlyCount "71"]

1. e4 d6 2. g3 e5 3. Bg2 g6 4. Nc3 Bg7 5. Nge2 Ne7 6. O-O O-O
7. f4 Nbc6 8. d3 f5 9. Be3 fxe4 10. dxe4 Be6 11. h3 Qd7
12. Kh2 Rae8 13. Qd2 Kh8 14. Rae1 a6 15. Ng1 Nd4 16. Nd1 Qa4
17. fxe5 dxe5 18. c3 Ndc6 19. b3 Qa3 20. Nf3 Rd8 21. Qf2 Qd6
22. g4 Nd4 23. cxd4 exd4+ 24. e5 Bxe5+ 25. Nxe5 Rxf2 26. Bxf2
Rf8 27. Bg3 Rxf1 28. Rxf1 Qa3 29. Rf2 Qc1 30. Nb2 Bd5 31. Nd7
h5 32. Be5+ Kh7 33. Nf6+ Kg7 34. Nxd5+ Kh7 35. Nxe7 Qf4+
36. Rxf4 1-0